00770nac a22002051u 4500010001600000020002200016082001800038090001500056100003400071245011700105260004500222300003300267500002600300511002400326650002600350650004700376942002000423999001500443952010600458 a 97045786 a1557882886 (pbk.)00a629.2872bTAY c9701d9701 aTaylor, Don, 10aAutomotive detailing : a complete car care guide for auto enthusiasts and detailing professionals /cDon Taylor. aNew York, N.Y. :bHP Books,1998.cc1998. avi, 121 p. :bill. ;c28 cm. aDistributer: Al-Ahram aCatalogued by: Sara 0aAutomobile detailing. 0aAutomobilesxConservation and restoration. cBBk629.2872TAY c9701d9701 00104070aMAINbMAINc1STd2008-05-29ePurchasel0o629.2872TAYp000011843r2025-07-15 00:00:00yBB